FILMOVÁ ADAPTÁCIA PIŠŤANKOVHO ROMÁNU RIVERS OF BABYLON

Bibliographic Details
Main Author: Sabol, Ján, 1939- (Author)
Format: Article
Language:Slovak
ISBN:8089038301
Subjects:

MARC

LEADER 00000naa a2200000uu 4500
001 vtls010939063
003 SK-MaSNL
005 20260302120647.0
008 210910|2004 xo |||||||||||||||||slo|
015 |a SNBRA 
035 |a (urnnbn)urn:nbn:sk:snk:ar-a0ba7j 
035 |a (uuid)50ff9a68-0b8d-4d49-ac1c-96901f2aed09 
035 |a urn:nbn:sk:snk-aau2ij 
040 |a SNKBUCL  |b slo  |c SNKBUCL  |e AACR2 
041 0 |a slo 
044 |a xo  |c SK 
100 1 |a Sabol, Ján,  |d 1939-  |4 aut  |9 209463 
245 1 0 |a FILMOVÁ ADAPTÁCIA PIŠŤANKOVHO ROMÁNU RIVERS OF BABYLON  |c Ján Sabol 
600 1 7 |a Pišťanek, Peter,  |d 1960-2015  |t Rivers of Babylon  |2 SNK  |9 159802 
630 0 7 |a Rivers of Babylon (film)  |2 SNKPH  |9 801582 
773 0 |t K poetologickým a axiologickým aspektom slovenskej literatúry 90. rokov 20. storočia  |d Prešov : Náuka, 2004  |g S. 209-212  |z 8089038301 
958 |a OND 
958 |a article11 
958 |a chapter 
999 |c 1270592  |d 1272522